000 00343nam a2200145Ia 4500
008 191201s2009 xx 000 0 und d
082 _a006.33
_bRIA
100 _aRICH, Elaine and Other
245 0 _aArtificial Intelligence
250 _a3rd
260 _aN.Delhi
_bTMH
_c2009
300 _a568
650 _aB.Tech(IT)
942 _2ddc
_cBK
_017
999 _c4587
_d4587